|
|
|
|
| LEADER |
00000cam a2200000 7i4500 |
| 001 |
0000002202 |
| 005 |
20030322.0 |
| 020 |
0 |
0 |
|a 1853836664
|
| 090 |
0 |
0 |
|a 333.75
|b BAR 2000
|
| 100 |
1 |
0 |
|a BARRACLOUGH
|h Solon L.
|
| 245 |
1 |
0 |
|a Agricultural expansion and tropical deforestation :
|b poverty, international trade and land use
|c Solon L. Barraclough and Krishna B. Ghimire
|
| 260 |
0 |
0 |
|a London :
|b Earthscan Pub. ,
|c 2000
|
| 300 |
|
|
|a xvii, 150 p. :
|b maps ;
|c 24 cm.
|
| 500 |
0 |
0 |
|a Includes bibliography : p. 141-144 and index
|
| 650 |
0 |
0 |
|a Agriculture
|x Economic aspects
|
| 650 |
0 |
0 |
|a Agriculture
|x Environmental aspects
|
| 650 |
0 |
0 |
|a Deforestation
|
| 650 |
0 |
0 |
|a Sustainable development
|
| 700 |
0 |
1 |
|a Ghimire
|h Krishna B.
|
| 998 |
|
|
|a JPSM
|
| 999 |
|
|
|a 0000003714
|b Monograph
|c Open Shelf
|e Default branch
|